Reconocimiento de los tipos de acero por la forma de las chispas

Gardado en:
Detalles Bibliográficos
Autor Principal: Pinto, R
Formato: Libro
Idioma:Spanish
Publicado: Barcelona: CEDEL 1994
Series:Biblioteca del Taller Mecánico
Materias:
Etiquetas: Engadir etiqueta
Sen Etiquetas, Sexa o primeiro en etiquetar este rexistro!

MARC

LEADER 00000nam a2200000Ia 4500
003 003376
005 20221231144004.0
008 140114s1964 sp a 000 ||spa d
040 |c cru CEDI 
082 |a 671.52 P659r 
100 |a Pinto, R  |9 21850 
245 |a Reconocimiento de los tipos de acero por la forma de las chispas  
260 |a Barcelona: CEDEL  |c 1994 
300 |a 15 páginas:ilustraciones  
440 |a Biblioteca del Taller Mecánico   |9 21849 
650 |x ACERO   |x SOLDADURA  |9 4753 
942 |2 ddc  |c BK 
999 |c 15243  |d 15243